Standard method for measuring floor area in office buildings (Record no. 104141)
[ view plain ]
| 000 -LEADER | |
|---|---|
| fixed length control field | 00948cam a2200193 4500 |
| 001 - CONTROL NUMBER | |
| control field | L129297 |
| 008 - FIXED-LENGTH DATA ELEMENTS--GENERAL INFORMATION | |
| fixed length control field | 050408n1996 000 0 eng u |
| 020 ## - INTERNATIONAL STANDARD BOOK NUMBER | |
| International Standard Book Number | 0943130182 |
| 035 ## - SYSTEM CONTROL NUMBER | |
| System control number | (Sirsi) u129297 |
| 041 ## - LANGUAGE CODE | |
| Language code of text/sound track or separate title | eng |
| 050 ## - LIBRARY OF CONGRESS CALL NUMBER | |
| Classification number | 692.3 |
| -- | 18 |
| 110 ## - MAIN ENTRY--CORPORATE NAME | |
| Corporate name or jurisdiction name as entry element | Building Owners and Managers Association |
| 9 (RLIN) | 3928 |
| 245 ## - TITLE STATEMENT | |
| Title | Standard method for measuring floor area in office buildings |
| 260 ## - PUBLICATION, DISTRIBUTION, ETC. | |
| Place of publication, distribution, etc. | New York |
| Name of publisher, distributor, etc. | BOMA |
| Date of publication, distribution, etc. | 1996 |
| 300 ## - PHYSICAL DESCRIPTION | |
| Extent | vi, 27p. |
| Dimensions | 28cm. |
| 520 ## - SUMMARY, ETC. | |
| Summary, etc. | Originally developed in 1915, this standard is a building-wide method of measurement and has been revised to allow spaces that benefit all the building occupants to be measured and allocated on a pro-rata basis. The standard has been revised to include changes in office designs and introduces and illustrates concepts such as floor usable area, floor rentable area, floor common area and building common area. |
| 650 ## - SUBJECT ADDED ENTRY--TOPICAL TERM | |
| Topical term or geographic name entry element | PROPERTY-COMMERCIAL PROPRTY-OFICE PROPERTY |
| 942 ## - ADDED ENTRY ELEMENTS (KOHA) | |
| Suppress in OPAC | 0 |
| Withdrawn status | Lost status | Source of classification or shelving scheme | Damaged status | Not for loan | Home library | Current library | Shelving location | Date acquired | Cost, normal purchase price | Total Checkouts | Full call number | Barcode | Date last seen | Date last checked out | Copy number | Cost, replacement price | Price effective from | Koha item type |
|---|---|---|---|---|---|---|---|---|---|---|---|---|---|---|---|---|---|---|
| Dewey Decimal Classification | London | London | Folio | 22/04/2005 | 20.00 | 2 | F692.3 BUI | 30070576 | 06/08/2019 | 15/04/2008 | 1 | 20.00 | 06/08/2019 | Book |